| 000 | 00485nam a22001697a 4500 | ||
|---|---|---|---|
| 999 |
_c41323 _d41323 |
||
| 003 | OSt | ||
| 005 | 20210428113247.0 | ||
| 008 | 210428b ||||| |||| 00| 0 eng d | ||
| 020 | _a9788182719255 | ||
| 040 | _coclc | ||
| 082 |
_a306 _bKAR/S |
||
| 100 |
_91839 _a Karakunnu, Sheikh Mohammed |
||
| 245 |
_aSanthusta Kudumbam/ _cSheikh Muhammed Karakunnu |
||
| 260 |
_aKozhikode : _bIPH, _c2018. |
||
| 300 | _a78 pages | ||
| 942 |
_2ddc _cBK _h306 _iKAR/S _k306 _mKAR/S |
||